[Slovenská ekonomika: desať rokov členstva v Európskej únii]
Recenzia na monografiu, ktorá zachytáva vývojové tendencie na európskej úrovni v priebehu poslednej dekády.
Saved in:
| Main Author: | |
|---|---|
| Format: | Book Chapter |
| Language: | Slovak |
| Subjects: | |
| Tags: |
No Tags, Be the first to tag this record!
|
MARC
| LEADER | 00000naa a2200000 4500 | ||
|---|---|---|---|
| 001 | 0205225 | ||
| 005 | 20240502073424.3 | ||
| 041 | 0 | |a slo | |
| 044 | |a SK | ||
| 245 | 1 | 0 | |a [Slovenská ekonomika: desať rokov členstva v Európskej únii] |c Vladimír Gonda |
| 520 | |a Recenzia na monografiu, ktorá zachytáva vývojové tendencie na európskej úrovni v priebehu poslednej dekády. | ||
| 610 | 2 | 0 | |a recenzie |
| 610 | 2 | 0 | |a Slovensko |
| 610 | 2 | 0 | |a Európska únia |
| 610 | 2 | 0 | |a integrácia ekonomická medzinárodná |
| 100 | 1 | |a Gonda, Vladimír | |